000 00279nam a2200121Ia 4500
008 190216s9999||||xx |||||||||||||| ||und||
100 _aSudhakar Sharma
245 0 _aHindi-Goy Agoy
260 _bKrishna Publishing House
_c2008
300 _a116
650 _aHindi
942 _cBK
999 _c16520
_d16520